000 01358nam a22002297a 4500
999 _c63154
_d63154
003 Ge_BSU
005 20250612123043.0
008 250612s2023 ge ||||| |||| 00| 0 geo d
020 _a9789941317057
041 _ageo
080 _a821.411.31 ხ-94
100 _aხური, ელიას
_925396
245 _aქალაქის კარიბჭეები :
_b[რომანი] /
_cელიას ხური; რედაქტორი ნინო გურასპაული; არაბულიდან თარგმნა დარეჯან გარდავაძემ; გარეკანის დიზაინერი თეონა ჭანიშვილი.
264 _aთბილისი :
_b ინტელექტი,
_c2023.
300 _a124გვ. ;
_b20 სმ.
490 _aარაბული ლიტერატურის ბიბლიოთეკა
653 _aარაბული ლიტერატურა
700 _aგურასპაული, ნინო
_eრედაქტორი
_925397
700 _aგარდავაძე, დარეჯან
_eმთარგმნელი
_925398
700 _aჭანიშვილი, თეონა
_eგარეკანის დიზაინერი
_96381
942 _2udc
_cᲬᲘᲒᲜᲘ